EFFECT OF DIFFERENT FERTILIZER WATER 8.05-5.35-5.74 LEVEL ON GROWTH AND YIEDL OF BUNCHNG ONOIN (ALLIUM FISTULOSUM L.). ឥទ្ធិពលនៃជីទឹក ៨.០៥-៥.៣៥-៥,៧៥ កម្រិតខុសៗគ្នាទៅលើការលូតលាស់ និងទិន្នផលដំណាំខ្ទឹមស្លឹក (Record no. 22742)

000 -LEADER
fixed length control field 00736nam a22001337a 4500
040 ## - CATALOGING SOURCE
Transcribing agency RUA
082 ## - DEWEY DECIMAL CLASSIFICATION NUMBER
Classification number AGR HON 2021 B1-570 Or.
100 ## - MAIN ENTRY--AUTHOR NAME
Personal name HONG LIMENG ហុង លីម៉េង
245 ## - TITLE STATEMENT
Title EFFECT OF DIFFERENT FERTILIZER WATER 8.05-5.35-5.74 LEVEL ON GROWTH AND YIEDL OF BUNCHNG ONOIN (ALLIUM FISTULOSUM L.). ឥទ្ធិពលនៃជីទឹក ៨.០៥-៥.៣៥-៥,៧៥ កម្រិតខុសៗគ្នាទៅលើការលូតលាស់ និងទិន្នផលដំណាំខ្ទឹមស្លឹក
260 ## - PUBLICATION, DISTRIBUTION, ETC. (IMPRINT)
Place of publication Phnom Penh
Name of publisher RUA
Year of publication 2021
300 ## - PHYSICAL DESCRIPTION
Number of Pages X.35P
Other physical details VIII.
Dimensions 29CM
856 ## - ELECTRONIC LOCATION AND ACCESS
Uniform Resource Identifier https://drive.google.com/file/d/1FoUEYERJkNmc0oYN8KwJ3gqXbj8BmLDv/view?usp=sharing
942 ## - ADDED ENTRY ELEMENTS (KOHA)
Koha item type AGR
952 ## - LOCATION AND ITEM INFORMATION (KOHA)
Withdrawn status [LOCAL, KOHA] 0
952 ## - LOCATION AND ITEM INFORMATION (KOHA)
Withdrawn status [LOCAL, KOHA] 0
952 ## - LOCATION AND ITEM INFORMATION (KOHA)
Withdrawn status [LOCAL, KOHA] 0
952 ## - LOCATION AND ITEM INFORMATION (KOHA)
Withdrawn status [LOCAL, KOHA] 0
Holdings
Permanent Location Date acquired Koha item type Lost status Shelving location Barcode Current Location Full call number
Library Block B2024-03-29AGR B1.570a078797Library Block BAGR HON 2021 B1-570 Or.
Library Block B2024-03-29AGR B1.570a078737Library Block BAGR HON 2021 B1-570 Or.
Library Block B2024-03-29AGR B1.570a078677Library Block BAGR HON 2021 B1-570 Or.
Library Block B2024-03-29AGR B1.570a078201Library Block BAGR HON 2021 B1-570 Or.
មជ្ឈមណ្ឌលឯការនៃសាកលវិទ្យាល័យភូមិន្ទកសិកម្មចំការដូង

Powered by Koha